|
|
|
|
| LEADER |
00000naa a2200000uu 4500 |
| 001 |
vtls010936905 |
| 003 |
SK-MaSNL |
| 005 |
20260302143358.0 |
| 008 |
210902|2001 xo |||||||||||||||||slo| |
| 015 |
|
|
|a SNBRA
|
| 035 |
|
|
|a (urnnbn)urn:nbn:sk:snk:ar-a0b8i1
|
| 035 |
|
|
|a (uuid)c2e19e60-531d-4a84-94ff-701b6a60b4ee
|
| 035 |
|
|
|a urn:nbn:sk:snk-aau0ul
|
| 040 |
|
|
|a SNKBUCL
|b slo
|c SNKBUCL
|e AACR2
|
| 041 |
0 |
|
|a slo
|
| 044 |
|
|
|a xo
|c SK
|
| 100 |
1 |
|
|a Štefaňáková, Jana,
|d 1965-
|4 aut
|9 253842
|
| 245 |
1 |
0 |
|a Švajčiarske národné varianty nemčiny vo švajčiarskej dennej tlači
|c Jana Štefaňáková
|
| 773 |
0 |
|
|t Zborník mladých filológov Univerzity Mateja Bela 2
|d Banská Bystrica : Univerzita Mateja Bela, 2001
|g S. 40-55
|z 8080555702
|
| 958 |
|
|
|a OND
|
| 958 |
|
|
|a article11
|
| 958 |
|
|
|a chapter
|
| 999 |
|
|
|c 1344130
|d 1346060
|